UM Logo

Model Business correspondence (panduan surat-menyurat perniagaan) / (Record no. 20105)

MARC details
000 -LEADER
fixed length control field 00531nam a22001577a 4500
008 - FIXED-LENGTH DATA ELEMENTS--GENERAL INFORMATION
fixed length control field 240408b ||||| |||| 00| 0 eng d
020 ## - INTERNATIONAL STANDARD BOOK NUMBER
International Standard Book Number 983962928X
082 ## - DEWEY DECIMAL CLASSIFICATION NUMBER
Classification number DC 658.453
Item number T15 1990
100 ## - MAIN ENTRY--PERSONAL NAME
Personal name Tan, Anita.
9 (RLIN) 56399
245 ## - TITLE STATEMENT
Title Model Business correspondence (panduan surat-menyurat perniagaan) /
Statement of responsibility, etc. Anita Tan.
260 ## - PUBLICATION, DISTRIBUTION, ETC. (IMPRINT)
Place of publication, distribution, etc. Malaysia :
Name of publisher, distributor, etc. S. Abdul Majeed & Co.,
Date of publication, distribution, etc. ©1990.
300 ## - PHYSICAL DESCRIPTION
Extent 186 pages :
Other physical details illustrations ;
Dimensions 20 cm.
650 ## - SUBJECT ADDED ENTRY--TOPICAL TERM
Topical term or geographic name as entry element Commercial correspondence.
9 (RLIN) 24872
650 ## - SUBJECT ADDED ENTRY--TOPICAL TERM
Topical term or geographic name as entry element Business writing.
9 (RLIN) 56404
942 ## - ADDED ENTRY ELEMENTS (KOHA)
Source of classification or shelving scheme Dewey Decimal Classification
Koha item type Circulation
Holdings
Withdrawn status Lost status Source of classification or shelving scheme Damaged status Not for loan Collection code Home library Current library Date acquired Source of acquisition Total Checkouts Full call number Barcode Date last seen Price effective from Koha item type
    Dewey Decimal Classification     Circulation UM Digos College - LIC UM Digos College - LIC 09/26/2005 Purchased   DC 658.453 T15m 1990 18295 05/15/2025 04/08/2024 Circulation